[Event "I Open Internacional Illes Medes 2006"]
[Site "?"]
[Date "????.??.29"]
[Round "2.13"]
[White "Michalczak Thomas"]
[Black "Fluvia Poyatos Joan"]
[Result "1-0"]
[WhiteElo "2330"]
[BlackElo "2457"]
[PlyCount "73"]
[EventDate "2006.12.29"]
[SourceDate "2006.12.29"]

1. e4 c5 2. Nf3 Nc6 3. d4 cxd4 4. Nxd4 Nf6 5. Nc3 e5 6. Ndb5 d6 7. Bg5 a6 8.
Na3 b5 9. Nd5 Be7 10. Bxf6 Bxf6 11. c3 Bg5 12. Nc2 Rb8 13. a4 bxa4 14. Ncb4
Nxb4 15. Nxb4 Bd7 16. Bxa6 Qa5 17. Qxd6 Rb6 18. Qd3 Be6 19. Bc4 Rxb4 20. Bxe6
Rd4 21. Qf3 fxe6 22. O-O Rd7 23. Qh5+ g6 24. Qxg5 O-O 25. Kh1 Qb5 26. f3 Kg7
27. Rfd1 Rfd8 28. Rxd7+ Rxd7 29. h4 h6 30. Qe3 Qxb2 31. Rxa4 Rd1+ 32. Kh2 Rd2
33. Qg1 g5 34. Ra8 Kg6 35. hxg5 Qxc3 36. Rg8+ Kf7 37. Qa7+ 1-0

[Event "I Open Internacional Illes Medes 2006"]
[Site "?"]
[Date "2006.12.29"]
[Round "2.14"]
[White "Guidarelli Laurent"]
[Black "Burnier David"]
[Result "1-0"]
[WhiteElo "2449"]
[BlackElo "2316"]
[PlyCount "63"]
[EventDate "2006.12.29"]
[SourceDate "2006.12.29"]

1. d4 Nf6 2. c4 g6 3. Nc3 Bg7 4. e4 d6 5. h3 O-O 6. Be3 Na6 7. Bd3 e5 8. d5 Nd7
9. g4 Ndc5 10. Bb1 f5 11. a3 fxe4 12. Bxe4 Qf6 13. Nge2 Bd7 14. b4 Nxe4 15.
Nxe4 Qf3 16. N2g3 Qxd1+ 17. Rxd1 h6 18. Ke2 Rf7 19. Rd2 Bf8 20. f3 Kh7 21. h4
Be7 22. h5 g5 23. Rf1 Kh8 24. b5 Nb8 25. a4 Bc8 26. c5 dxc5 27. d6 cxd6 28.
Nxd6 Bxd6 29. Rxd6 Kh7 30. Ne4 Nd7 31. Rfd1 Kg7 32. Rg6+ 1-0

[Event "I Open Internacional Illes Medes 2006"]
[Site "?"]
[Date "2006.12.29"]
[Round "2.21"]
[White "Kurmann Oliver"]
[Black "Eriksson Jonas"]
[Result "1-0"]
[WhiteElo "2417"]
[BlackElo "2290"]
[PlyCount "83"]
[EventDate "2006.12.29"]
[SourceDate "2006.12.29"]

1. e4 c5 2. Nf3 e6 3. d4 cxd4 4. Nxd4 a6 5. Bd3 Bc5 6. Nb3 Ba7 7. Nc3 Nc6 8.
Qg4 Nf6 9. Qg3 d6 10. Bg5 h6 11. Bd2 Nh5 12. Qh3 Nf6 13. Qg3 Nh5 14. Qh3 Nf6
15. f4 h5 16. Be3 b5 17. O-O-O Ng4 18. Bxa7 Rxa7 19. Rhf1 Qb6 20. Rde1 Nb4 21.
Qg3 Nxd3+ 22. cxd3 b4 23. Nd1 Rc7+ 24. Kb1 a5 25. h3 Qc6 26. Nf2 Nxf2 27. Rxf2
Qa6 28. Qxg7 Qxd3+ 29. Ka1 Rf8 30. Rd2 Qa6 31. Red1 Rc6 32. Nd4 Rc5 33. Nf3 Qc4
34. b3 Qxe4 35. Rxd6 Ke7 36. Ne5 Rxe5 37. fxe5 Qf4 38. R6d3 a4 39. Rf3 Rg8 40.
Qf6+ Qxf6 41. exf6+ Ke8 42. Rfd3 1-0

[Event "I Open Internacional Illes Medes"]
[Site "?"]
[Date "2006.12.30"]
[Round "3.1"]
[White "Kozhuharov Spas"]
[Black "Hamdouchi Hichem"]
[Result "0-1"]
[WhiteElo "2420"]
[BlackElo "2582"]
[PlyCount "84"]
[EventDate "2006.12.30"]
[SourceDate "2006.12.30"]

1. e4 c5 2. Nf3 e6 3. d4 cxd4 4. Nxd4 a6 5. Bd3 Bc5 6. Nb3 Ba7 7. Qe2 Nc6 8.
Nc3 Nge7 9. Be3 O-O 10. O-O d6 11. Bxa7 Rxa7 12. a4 b6 13. Rfd1 Ng6 14. Qe3 Rd7
15. Rd2 Qc7 16. Rad1 Nge5 17. Be2 Na5 18. Nxa5 bxa5 19. f4 Nc6 20. Nb1 Ne7 21.
Qc3 Qb6+ 22. Qd4 Qb8 23. b3 d5 24. Qe3 Rc7 25. Bf3 Bb7 26. exd5 Bxd5 27. Bxd5
Nxd5 28. Qf2 Rb7 29. f5 Nf6 30. Qf3 exf5 31. Qxf5 Re7 32. Nc3 Re5 33. Qf3 Qc7
34. Nd5 Qc5+ 35. Kf1 Ne4 36. Rd4 Qxc2 37. Ne3 Qc6 38. Nc4 Re6 39. Kg1 Qc5 40.
Kh1 Rfe8 41. Ne3 Ng5 42. Qg4 Rxe3 0-1

[Event "I Open Internacional Illes Medes"]
[Site "?"]
[Date "2006.12.30"]
[Round "3.3"]
[White "Mirzoev Azer"]
[Black "Kurmann Oliver"]
[Result "1-0"]
[WhiteElo "2543"]
[BlackElo "2417"]
[PlyCount "99"]
[EventDate "2006.12.30"]
[SourceDate "2006.12.30"]

1. d4 d5 2. c4 c6 3. Nf3 Nf6 4. Nc3 a6 5. a4 e6 6. Bg5 Nbd7 7. e3 Qa5 8. Nd2
Bb4 9. Qc2 c5 10. Nb3 Qc7 11. dxc5 dxc4 12. Bxc4 Bxc5 13. Bf4 Bd6 14. Bxd6 Qxd6
15. O-O b6 16. Ne4 Qe5 17. Nxf6+ gxf6 18. Rfd1 Bb7 19. Qd3 Qc7 20. Rac1 Qc6 21.
f3 Ne5 22. Qe2 Qxa4 23. Nd4 Rc8 24. b3 Qa5 25. Ra1 Qc5 26. Bxa6 Bxa6 27. Rxa6
O-O 28. Qf2 Rfd8 29. Qg3+ Ng6 30. Re1 f5 31. f4 Ra8 32. Rxa8 Rxa8 33. h4 Kh8
34. h5 Ne7 35. Nf3 Nd5 36. Ne5 Qc7 37. e4 fxe4 38. Rxe4 b5 39. Re1 Qa7+ 40. Kh2
Rg8 41. Qf3 Qe7 42. g3 Rc8 43. Ra1 f6 44. Nd3 Qd7 45. Ra2 Nc3 46. Ra6 b4 47. h6
Nd5 48. Qe2 Rc6 49. Ra8+ Rc8 50. Ne5 1-0

[Event "I Open Internacional Illes Medes"]
[Site "?"]
[Date "2006.12.30"]
[Round "3.4"]
[White "Chatalbashev Boris"]
[Black "Vila Gazquez Xavier"]
[Result "1/2-1/2"]
[WhiteElo "2534"]
[BlackElo "2404"]
[PlyCount "55"]
[EventDate "2006.12.30"]
[SourceDate "2006.12.30"]

1. d4 Nf6 2. c4 e6 3. Nf3 Bb4+ 4. Nbd2 d5 5. a3 Be7 6. Qc2 O-O 7. e4 dxe4 8.
Nxe4 Nbd7 9. Bd3 Nxe4 10. Bxe4 Nf6 11. Bd3 b6 12. Bf4 Bb7 13. O-O-O b5 14. c5
Rb8 15. Be5 h6 16. Qd2 Bd5 17. Qa5 c6 18. Bc7 Qc8 19. Bxb8 Bxf3 20. gxf3 Qxb8
21. Kb1 Nd5 22. Be4 Rd8 23. Rhg1 Bf6 24. Rg4 Rd7 25. Qd2 Kh8 26. h4 Ne7 27. Qe3
Qd8 28. Rgg1 1/2-1/2

[Event "I Open Internacional Illes Medes"]
[Site "?"]
[Date "2006.12.30"]
[Round "3.5"]
[White "Maze Sebastien"]
[Black "Cruz Filemon"]
[Result "1-0"]
[WhiteElo "2510"]
[BlackElo "2371"]
[PlyCount "61"]
[EventDate "2006.12.30"]
[SourceDate "2006.12.30"]

1. e4 e5 2. Nf3 Nf6 3. Nc3 Nc6 4. g3 Bb4 5. Bg2 O-O 6. O-O d6 7. d3 a6 8. h3
Bc5 9. Kh2 Ne8 10. Nh4 Be6 11. Be3 Bd4 12. Bxd4 Nxd4 13. Nd5 Nc6 14. Ne3 Nf6
15. Qe1 d5 16. f4 dxe4 17. f5 Bd7 18. dxe4 Qe7 19. Nd5 Qc5 20. Qd2 Rfd8 21.
Nxf6+ gxf6 22. Qh6 Qe7 23. g4 Be8 24. g5 Qf8 25. Qh5 Qg7 26. gxf6 Qxf6 27. Rf2
Rd6 28. Rg1 Rad8 29. Bf3+ Kf8 30. Qxh7 Rd2 31. Rg8+ 1-0

[Event "I Open Internacional Illes Medes"]
[Site "?"]
[Date "2006.12.30"]
[Round "3.9"]
[White "Krzesai Robert"]
[Black "Guidarelli Laurent"]
[Result "0-1"]
[WhiteElo "2308"]
[BlackElo "2449"]
[PlyCount "92"]
[EventDate "2006.12.30"]
[SourceDate "2006.12.30"]

1. d4 Nf6 2. Nf3 c5 3. d5 g6 4. Nc3 Bg7 5. e4 d6 6. Be2 O-O 7. O-O Na6 8. Nd2
Rb8 9. a4 Nc7 10. Nc4 b6 11. Re1 Ba6 12. Bf4 Nd7 13. Qd2 Re8 14. h3 Bxc4 15.
Bxc4 a6 16. Bf1 b5 17. axb5 axb5 18. Rab1 b4 19. Nd1 Nf6 20. Qd3 e6 21. dxe6
Rxe6 22. f3 Nh5 23. Be3 Qe7 24. Qd2 Re8 25. c4 f5 26. Bd3 Qf8 27. Ra1 f4 28.
Bf2 Be5 29. Ra7 R6e7 30. Bh4 Rg7 31. Nf2 Ne6 32. Rxg7+ Qxg7 33. Ng4 Bxb2 34.
Rb1 Bd4+ 35. Kh2 Nc7 36. e5 dxe5 37. Be4 Qd7 38. Qa2 Kg7 39. Rd1 Qf7 40. Rd2
Ng3 41. Qb1 h5 42. Bf6+ Kh7 43. Rxd4 exd4 44. Ne5 Qxf6 45. Bxg6+ Kg7 46. Bxe8
Nxe8 0-1

[Event "I Open Internacional Illes Medes"]
[Site "?"]
[Date "2006.12.30"]
[Round "3.10"]
[White "Campos Moreno Javier B"]
[Black "Michalczak Thomas"]
[Result "1-0"]
[WhiteElo "2446"]
[BlackElo "2330"]
[PlyCount "59"]
[EventDate "2006.12.30"]
[SourceDate "2006.12.30"]

1. d4 d5 2. c4 c6 3. Nf3 Nf6 4. Nc3 a6 5. e3 e6 6. b3 Bb4 7. Bd2 Nbd7 8. Bd3
O-O 9. O-O Bd6 10. e4 dxc4 11. bxc4 e5 12. c5 Bc7 13. Bg5 exd4 14. Na4 h6 15.
Bh4 Qe7 16. Qc2 Ne5 17. Nxe5 Qxe5 18. f4 Qh5 19. Bxf6 gxf6 20. Qf2 Rd8 21. Rab1
Re8 22. Rb3 Kf8 23. Be2 Bg4 24. Rh3 Bxe2 25. Rxh5 Bxh5 26. h3 Ke7 27. e5 fxe5
28. Qh4+ Kf8 29. Qxh5 e4 30. Qxh6+ 1-0

[Event "I Open Internacional Illes medes"]
[Site "?"]
[Date "2006.12.30"]
[Round "4.1"]
[White "Hamdouchi Hichem"]
[Black "Maze Sebastien"]
[Result "1/2-1/2"]
[WhiteElo "2582"]
[BlackElo "2510"]
[PlyCount "24"]
[EventDate "2007.01.01"]
[SourceDate "2007.01.01"]

1. d4 Nf6 2. Nf3 e6 3. g3 c5 4. Bg2 Nc6 5. O-O cxd4 6. Nxd4 Qb6 7. Nb3 d5 8. a4
Be7 9. a5 Qc7 10. Nc3 O-O 11. e4 dxe4 12. Nxe4 Rd8 1/2-1/2

[Event "I Open Internacional Illes medes"]
[Site "?"]
[Date "2006.12.30"]
[Round "4.4"]
[White "Guidarelli Matthieu"]
[Black "Bartel Mateusz"]
[Result "1/2-1/2"]
[WhiteElo "2449"]
[BlackElo "2569"]
[PlyCount "108"]
[EventDate "2007.01.01"]
[SourceDate "2007.01.01"]

1. Nf3 f5 2. d4 Nf6 3. g3 g6 4. Bg2 Bg7 5. O-O O-O 6. b3 Ne4 7. Bb2 d5 8. c4 c6
9. Nbd2 Be6 10. Qc2 a5 11. Rad1 a4 12. Nxe4 fxe4 13. Ne5 Nd7 14. Nxd7 axb3 15.
axb3 Qxd7 16. c5 Bh3 17. f3 exf3 18. exf3 Bf5 19. Qf2 b6 20. cxb6 Rab8 21. Ba3
Rxb6 22. Qe2 Rxb3 23. Qxe7 Qxe7 24. Bxe7 Re8 25. Bc5 Rbe3 26. Rf2 h5 27. Bf1 g5
28. Rdd2 Rb8 29. Rb2 Rxb2 30. Rxb2 Rxf3 31. Rf2 Rxf2 32. Kxf2 Kf7 33. Be2 Kg6
34. Ba6 h4 35. Bb7 Bd7 36. Ba6 Bf6 37. Kf3 Kf7 38. Ke3 Bd8 39. Kf3 Be7 40. Bxe7
Kxe7 41. Ke3 Kd6 42. Bf1 c5 43. Bd3 c4 44. Bg6 Ke7 45. Kd2 Kf6 46. Bc2 Bh3 47.
Ba4 Bg2 48. Bd7 Be4 49. Bg4 Bf5 50. Bd1 g4 51. Ba4 Kg5 52. Kc3 hxg3 53. hxg3
Be6 54. Bc2 Bd7 1/2-1/2

[Event "I Open Internacional Illes medes "]
[Site "?"]
[Date "2006.12.30"]
[Round "4.20"]
[White "Karim Ismael"]
[Black "Monroy Charles"]
[Result "1-0"]
[WhiteElo "2288"]
[BlackElo "2394"]
[PlyCount "67"]
[SourceDate "2007.01.01"]

1. e4 c5 2. Nf3 d6 3. d4 cxd4 4. Nxd4 Nf6 5. Nc3 Nc6 6. Bg5 e6 7. Qd2 a6 8.
O-O-O Bd7 9. f4 b5 10. Bxf6 gxf6 11. Nxc6 Bxc6 12. Qe1 Ra7 13. Bd3 Qb6 14. f5
Bh6+ 15. Kb1 Bf4 16. fxe6 fxe6 17. Nd5 exd5 18. exd5+ Be5 19. dxc6 Qxc6 20. Be4
Qc5 21. Rd5 Qc4 22. Rd1 Qc5 23. Bd5 Kd8 24. Rf1 Kc8 25. Qe4 Kb8 26. Rf3 Rc7 27.
a4 Ka7 28. b4 f5 29. bxc5 fxe4 30. cxd6 exf3 31. dxc7 fxg2 32. Bxg2 Rc8 33. Rd8
Rxc7 34. a5 1-0

[Event "I Open Internacional Illes medes"]
[Site "?"]
[Date "2006.12.30"]
[Round "4.6"]
[White "Jankovic Alojzije"]
[Black "Estremera Panos Sergio"]
[Result "1/2-1/2"]
[WhiteElo "2533"]
[BlackElo "2380"]
[PlyCount "57"]
[EventDate "2007.01.01"]
[SourceDate "2007.01.01"]

1. d4 Nf6 2. c4 e6 3. Nf3 d5 4. Nc3 Bb4 5. Qa4+ Nc6 6. e3 O-O 7. Bd2 dxc4 8.
Bxc4 Bd6 9. O-O e5 10. dxe5 Nxe5 11. Nxe5 Bxe5 12. Qc2 a6 13. a4 Qe7 14. f4 Bd6
15. Rae1 Bd7 16. Kh1 Bc5 17. Nd5 Nxd5 18. Bxd5 c6 19. Ba2 Bb4 20. f5 Bxd2 21.
Qxd2 Rad8 22. Qc3 Qf6 23. e4 Qxc3 24. bxc3 c5 25. a5 Bc6 26. h3 Rd2 27. Bd5
Bxd5 28. exd5 Rxd5 29. Re7 1/2-1/2

[Event "I Open Internacional Illes medes"]
[Site "?"]
[Date "2006.12.30"]
[Round "4.8"]
[White "Vila Gazquez Xavier"]
[Black "Shengelia Davit"]
[Result "0-1"]
[WhiteElo "2404"]
[BlackElo "2504"]
[PlyCount "61"]
[EventDate "2007.01.01"]
[SourceDate "2007.01.01"]

1. e4 c5 2. Nf3 d6 3. d4 cxd4 4. Nxd4 Nf6 5. Nc3 Nc6 6. Bc4 e6 7. Be3 a6 8. Qe2
Qc7 9. Bb3 Na5 10. g4 b5 11. g5 Nd7 12. f4 b4 13. Nb1 Nc5 14. Nd2 Bb7 15. Qf3
d5 16. e5 Nc4 17. O-O g6 18. Qe2 Nxb2 19. h4 h6 20. Rab1 Nba4 21. Bxa4+ Nxa4
22. Ra1 hxg5 23. hxg5 Nc3 24. Qg2 a5 25. Rfe1 a4 26. Nb1 Ba6 27. Nxc3 Qxc3 28.
Qd2 Rc8 29. Kg2 Bc5 30. Rh1 Kd7 31. Rh6 0-1

[Event "I Open Internacional Illes medes"]
[Site "?"]
[Date "2006.12.30"]
[Round "4.9"]
[White "Landenbergue Claude"]
[Black "Vuilleumier Alexandre"]
[Result "1/2-1/2"]
[WhiteElo "2446"]
[BlackElo "2367"]
[PlyCount "24"]
[EventDate "2007.01.01"]
[SourceDate "2007.01.01"]

1. d4 d5 2. Nf3 Nf6 3. c4 e6 4. Nc3 Be7 5. cxd5 exd5 6. Bg5 h6 7. Bxf6 Bxf6 8.
e3 O-O 9. Bd3 c5 10. dxc5 Bxc3+ 11. bxc3 Nd7 12. O-O Nxc5 1/2-1/2

[Event "I Open Internacional Illes medes"]
[Site "?"]
[Date "2006.12.30"]
[Round "4.10"]
[White "Lubcznski Rafal"]
[Black "Edouard Romain"]
[Result "1/2-1/2"]
[WhiteElo "2343"]
[BlackElo "2431"]
[PlyCount "76"]
[EventDate "2007.01.01"]
[SourceDate "2007.01.01"]

1. d4 Nf6 2. c4 c5 3. d5 e6 4. Nc3 exd5 5. cxd5 d6 6. Nf3 g6 7. Nd2 Bg7 8. e4
O-O 9. Be2 Na6 10. O-O Ne8 11. Re1 Rb8 12. a4 Nb4 13. Nc4 f5 14. Bf3 fxe4 15.
Nxe4 h6 16. Ra3 b6 17. Rae3 Bf5 18. Ng3 Bc2 19. Qd2 Bxa4 20. b3 Bd7 21. Bb2
Bxb2 22. Qxb2 b5 23. Qb1 Qf6 24. Re6 Bxe6 25. Rxe6 bxc4 26. Rxf6 Rxf6 27. bxc4
Nc6 28. Qc1 Nd4 29. Be4 Kg7 30. h4 Rf7 31. h5 g5 32. Bg6 Re7 33. f4 g4 34. Nf5+
Nxf5 35. Bxf5 Nf6 36. Qc3 Reb7 37. Bc2 Re8 38. Bf5 Reb8 1/2-1/2

[Event "I Open Internacional Illes medes"]
[Site "?"]
[Date "2006.12.30"]
[Round "4.23"]
[White "Serra Pages Jordi"]
[Black "Midoux Sebastien"]
[Result "1/2-1/2"]
[WhiteElo "2251"]
[BlackElo "2343"]
[PlyCount "46"]
[EventDate "2007.01.01"]
[SourceDate "2007.01.01"]

1. Nf3 Nf6 2. d4 c5 3. c4 g6 4. Nc3 cxd4 5. Nxd4 Bg7 6. g3 O-O 7. Bg2 Nc6 8.
O-O d6 9. Nxc6 bxc6 10. Qa4 Bd7 11. Bxc6 Rc8 12. Bxd7 Qxd7 13. Qxd7 Nxd7 14.
Be3 Bxc3 15. bxc3 Rc7 16. Rfb1 Rfc8 17. Rb4 Kf8 18. Ra4 Nb6 19. Bxb6 axb6 20.
Rb4 Rxc4 21. Rxb6 Rxc3 22. a4 Rc1+ 23. Rxc1 Rxc1+ 1/2-1/2

[Event "I Open Internacional Illes medes"]
[Site "?"]
[Date "2006.12.30"]
[Round "4.24"]
[White "Pijuan Manuel"]
[Black "Cruz Cristian"]
[Result "0-1"]
[WhiteElo "2240"]
[BlackElo "2338"]
[PlyCount "94"]
[EventDate "2007.01.01"]
[SourceDate "2007.01.01"]

1. d4 Nf6 2. Nf3 g6 3. g3 Bg7 4. Bg2 O-O 5. O-O d6 6. b3 c6 7. Bb2 Qa5 8. Qd2
Qh5 9. Qg5 Qxg5 10. Nxg5 d5 11. Nd2 Bf5 12. Rac1 a5 13. a4 Na6 14. f3 h6 15.
Nh3 g5 16. Nf2 Nd7 17. e4 Bh7 18. Nd3 Nb4 19. Nxb4 axb4 20. c4 dxe4 21. fxe4 c5
22. e5 cxd4 23. Bxd4 Rad8 24. Rfe1 b6 25. Nf3 Nc5 26. Bxc5 bxc5 27. e6 Bb2 28.
exf7+ Kxf7 29. Ne5+ Kg7 30. Nc6 Bxc1 31. Nxd8 Rxd8 32. Rxc1 Rd2 33. Re1 Kf6 34.
Rf1+ Ke6 35. Rf3 Kd6 36. a5 Rd1+ 37. Kf2 Ra1 38. Rf8 Bc2 39. Ra8 Bxb3 40. a6
Ra2+ 41. Kg1 Bxc4 42. Bb7 Kc7 43. Rc8+ Kb6 44. Rc6+ Kb5 45. Rc7 b3 46. Rxe7 b2
47. Be4 Rxa6 0-1

[Event "I Open Internacional Illes medes"]
[Site "?"]
[Date "2006.12.30"]
[Round "4.30"]
[White "Delis Georgio"]
[Black "Pereira Ruben"]
[Result "0-1"]
[WhiteElo "1913"]
[BlackElo "2320"]
[PlyCount "42"]
[EventDate "2007.01.01"]
[SourceDate "2007.01.01"]

1. d4 d5 2. c4 c6 3. Nf3 Nf6 4. e3 Bg4 5. Bd3 Nbd7 6. Nbd2 e5 7. cxd5 Nxd5 8.
O-O exd4 9. exd4 Be7 10. Qb3 Qc7 11. Re1 O-O 12. Be4 N7b6 13. Bxd5 Nxd5 14. Ne5
Be6 15. Qg3 f6 16. Ng6 Bd6 17. Qh4 Rfe8 18. Ne5 fxe5 19. dxe5 Bxe5 20. Ne4 Bf7
21. Bd2 Bg6 0-1

[Event "I Open Internacional Illes medes"]
[Site "?"]
[Date "2006.12.30"]
[Round "4.31"]
[White "Vilar Lopez Monica"]
[Black "Carlsson Pontus"]
[Result "0-1"]
[WhiteElo "2184"]
[BlackElo "2461"]
[PlyCount "62"]
[EventDate "2007.01.01"]
[SourceDate "2007.01.01"]

1. e4 c5 2. Nc3 Nc6 3. g3 g6 4. Bg2 Bg7 5. d3 d6 6. Be3 Rb8 7. Qd2 b5 8. Nge2
b4 9. Nd1 Nd4 10. O-O h5 11. c3 bxc3 12. bxc3 Nxe2+ 13. Qxe2 Qa5 14. Qc2 h4 15.
Rb1 Rxb1 16. Qxb1 Nf6 17. h3 hxg3 18. fxg3 O-O 19. d4 Ba6 20. Rf2 Nd7 21. Kh2
Nb6 22. dxc5 dxc5 23. Qc1 Rd8 24. Bg5 Rd7 25. Qf4 e5 26. Qg4 Bc4 27. h4 Be6 28.
Qf3 Qa4 29. Ne3 f6 30. Bxf6 Rf7 31. Ng4 Nd7 0-1

[Event "I Open Internacional Illes medes"]
[Site "?"]
[Date "2006.12.30"]
[Round "4.33"]
[White "Asis Gargatagli Hipolit"]
[Black "Anibar Ahmed"]
[Result "0-1"]
[WhiteElo "2376"]
[BlackElo "2185"]
[PlyCount "72"]
[EventDate "2007.01.01"]
[SourceDate "2007.01.01"]

1. d4 c5 2. d5 e5 3. e4 d6 4. Nc3 Be7 5. Nf3 Nf6 6. g3 O-O 7. a4 Nbd7 8. Bg2
Ne8 9. O-O g6 10. Ne1 f5 11. f4 Ng7 12. Nd3 Bf6 13. exf5 gxf5 14. Be3 a6 15.
Qd2 h5 16. Rae1 e4 17. Nf2 b5 18. axb5 axb5 19. Nxb5 Qb6 20. c4 Ba6 21. b4 Bxb5
22. bxc5 Nxc5 23. Rb1 Ra5 24. Rfc1 Rfa8 25. Bf1 Ra2 26. Rxb5 Qa6 27. Qe1 Qa3
28. Rcb1 Bc3 29. Qc1 Qxc1 30. Rxc1 R8a3 31. Nd1 Bf6 32. Bf2 Nb3 33. Rb1 Nd2 34.
Rb8+ Kh7 35. Rf8 Bd4 36. Rb7 e3 0-1

[Event "I Open Internacional Illes medes"]
[Site "?"]
[Date "2006.12.30"]
[Round "4.23"]
[White "Cuadra Avellana Jorge"]
[Black "Menac Comas Joan Ramon"]
[Result "0-1"]
[WhiteElo "2375"]
[BlackElo "2102"]
[PlyCount "48"]
[EventDate "2007.01.01"]
[SourceDate "2007.01.01"]

1. e4 c6 2. d4 d5 3. Nd2 dxe4 4. Nxe4 Nf6 5. Nxf6+ gxf6 6. c3 Bf5 7. Bf4 e6 8.
Ne2 Bd6 9. Bxd6 Qxd6 10. Ng3 Bg6 11. h4 h5 12. Be2 Nd7 13. Nxh5 O-O-O 14. Ng3
f5 15. Bf3 e5 16. Qd2 e4 17. Be2 e3 18. Qc1 exf2+ 19. Kxf2 f4 20. Nf1 Qf6 21.
h5 Rdg8 22. Nd2 Qg5 23. hxg6 Qg3+ 24. Kg1 Qe3+ 0-1

[Event "I Open Internacional Illes medes"]
[Site "?"]
[Date "2006.12.30"]
[Round "4.39"]
[White "Lillo Ferrer J.M"]
[Black "Pruja Ramirez de Cartagena Ma"]
[Result "1/2-1/2"]
[WhiteElo "2214"]
[BlackElo "1952"]
[PlyCount "48"]
[EventDate "2007.01.01"]
[SourceDate "2007.01.01"]

1. e4 c5 2. d3 Nc6 3. f4 d6 4. Nf3 g6 5. Be2 Bg7 6. O-O e6 7. c3 Nge7 8. Na3
O-O 9. Qe1 Rb8 10. Be3 b5 11. Rc1 b4 12. Nc4 Ba6 13. cxb4 Bxc4 14. Rxc4 Rxb4
15. Rxb4 Nxb4 16. Qb1 Qb6 17. a3 Nbc6 18. b4 Rb8 19. Qd1 Nd4 20. Nxd4 Bxd4 21.
Bxd4 cxd4 22. Qd2 Rc8 23. Rc1 Rc3 24. a4 Qc7 1/2-1/2

[Event "I Open Internacional Illes medes"]
[Site "?"]
[Date "2006.12.30"]
[Round "4.48"]
[White "Vidal Palou Jordi"]
[Black "Yastrebova Tatiana"]
[Result "0-1"]
[WhiteElo "1626"]
[BlackElo "2099"]
[PlyCount "57"]
[EventDate "2007.01.01"]
[SourceDate "2007.01.01"]

1. e4 d6 2. d4 Nf6 3. Nc3 g6 4. Bg5 Bg7 5. Qd2 c6 6. Bh6 Bxh6 7. Qxh6 Qb6 8.
O-O-O Nbd7 9. h3 Qa5 10. Bd3 b5 11. e5 dxe5 12. Nf3 exd4 13. Nxd4 Bb7 14. Nb3
Qb6 15. f3 O-O-O 16. Rd2 a6 17. Rhd1 c5 18. Qe3 c4 19. Qxe7 cxb3 20. cxb3 Qc5
21. Qxf7 b4 22. Rc2 Qe3+ 23. Kb1 bxc3 24. Qc4+ Kb8 25. Qb4 Nc5 26. Qxc3 Rxd3
27. Rxd3 Nxd3 28. a4 Qe1+ 29. Ka2 0-1

[Event "I Open Internacional Illes medes"]
[Site "?"]
[Date "2006.12.31"]
[Round "4.1"]
[White "Shengelia David"]
[Black "Hamdouchi Hichem"]
[Result "0-1"]
[WhiteElo "2504"]
[BlackElo "2582"]
[PlyCount "54"]
[EventDate "2007.01.02"]
[SourceDate "2007.01.02"]

1. d4 Nf6 2. Nf3 c5 3. e3 g6 4. b3 Bg7 5. Bb2 O-O 6. c4 cxd4 7. Nxd4 d5 8. cxd5
Nxd5 9. Bc4 Nb6 10. Nd2 e5 11. N4f3 Qe7 12. O-O Rd8 13. Qe2 Nc6 14. e4 Nxc4 15.
Nxc4 b5 16. Ncd2 a6 17. a4 Rb8 18. axb5 Rxb5 19. Rfc1 Qb7 20. h3 Bh6 21. Rd1
Be6 22. Nc4 Rxd1+ 23. Rxd1 Rxb3 24. Bxe5 Qb5 25. Nd4 Nxd4 26. Bxd4 Qxc4 27. Qa2
Rd3 0-1

[Event "I Open Internacional Illes medes"]
[Site "?"]
[Date "2006.12.31"]
[Round "5.3"]
[White "Mirzoev Azer"]
[Black "Guidarelli Laurent"]
[Result "1-0"]
[WhiteElo "2543"]
[BlackElo "2449"]
[PlyCount "69"]
[EventDate "2007.01.02"]
[SourceDate "2007.01.02"]

1. d4 Nf6 2. c4 c5 3. d5 b5 4. cxb5 a6 5. b6 e6 6. Nc3 Nxd5 7. Nxd5 exd5 8.
Qxd5 Nc6 9. Nf3 Rb8 10. e4 Be7 11. Bc4 O-O 12. O-O Rxb6 13. b3 d6 14. Bb2 Bf6
15. Bxf6 Qxf6 16. Rad1 Ne7 17. Qh5 Ng6 18. Rd2 Nf4 19. Qh4 Qxh4 20. Nxh4 Re8
21. Rfd1 Rxe4 22. g3 g5 23. gxf4 gxh4 24. Rxd6 Rxd6 25. Rxd6 Re1+ 26. Kg2 h3+
27. Kf3 Kg7 28. Bxa6 Be6 29. Bd3 Rd1 30. f5 Bc8 31. a4 Bb7+ 32. Kf4 c4 33. bxc4
Ra1 34. f6+ Kh6 35. Rd7 1-0

[Event "I Open Internacional Illes medes"]
[Site "?"]
[Date "2006.12.31"]
[Round "5.7"]
[White "Bartel Matausz"]
[Black "Bronowicki Mateusz"]
[Result "1-0"]
[WhiteElo "2569"]
[BlackElo "2338"]
[PlyCount "49"]
[EventDate "2007.01.02"]
[SourceDate "2007.01.02"]

1. e4 e6 2. d4 d5 3. Nc3 Nf6 4. e5 Nfd7 5. f4 c5 6. Nf3 Nc6 7. Be3 a6 8. Qd2 b5
9. a3 b4 10. axb4 cxb4 11. Nd1 Nb6 12. b3 a5 13. Nb2 Bd7 14. Bd3 Be7 15. O-O
Qc7 16. Bf2 a4 17. Nxa4 Nxa4 18. bxa4 Na5 19. Bh4 Bxh4 20. Nxh4 b3 21. f5 exf5
22. Bxf5 b2 23. Rae1 O-O-O 24. Bd3 Bxa4 25. Qb4 1-0

[Event "I Open Internacional Illes medes"]
[Site "?"]
[Date "2006.12.31"]
[Round "5.9"]
[White "Estremera Panos Sergio"]
[Black "Fluvia Poyatos Jordi"]
[Result "1/2-1/2"]
[WhiteElo "2380"]
[BlackElo "2428"]
[PlyCount "56"]
[EventDate "2007.01.02"]
[SourceDate "2007.01.02"]

1. d4 d5 2. c4 e5 3. dxe5 d4 4. Nf3 Nc6 5. g3 Nge7 6. Bg2 Ng6 7. O-O Ngxe5 8.
Nxe5 Nxe5 9. b3 Bc5 10. Ba3 Bxa3 11. Nxa3 O-O 12. Qd2 c5 13. Nc2 Qe7 14. e3 d3
15. Ne1 Rd8 16. Rd1 Bg4 17. f3 Bh5 18. h3 f5 19. Rc1 Rd6 20. Rc3 Rad8 21. f4
Nc6 22. Bd5+ Bf7 23. Rxd3 Bxd5 24. Rxd5 Rxd5 25. cxd5 Nb4 26. Nf3 Rxd5 27. Qc2
Nc6 28. Rc1 h6 1/2-1/2

[Event "I Open Internacional Illes medes"]
[Site "?"]
[Date "2006.12.31"]
[Round "5.10"]
[White "Fluvia Poyatos Joan"]
[Black "Aloma Vidal Robert"]
[Result "1-0"]
[WhiteElo "2457"]
[BlackElo "2337"]
[PlyCount "115"]
[EventDate "2007.01.02"]
[SourceDate "2007.01.02"]

1. e4 Nf6 2. e5 Nd5 3. d4 d6 4. Nf3 dxe5 5. Nxe5 g6 6. Nc3 Nxc3 7. bxc3 Bg7 8.
Qf3 O-O 9. Bc4 Qe8 10. h4 Nc6 11. Nxc6 Qxc6 12. Qxc6 bxc6 13. Ba3 Bf5 14. Bd3
Rfd8 15. Bxf5 gxf5 16. f4 e6 17. Rb1 Rd5 18. Rh3 Ra5 19. Rb3 Ra4 20. Kd2 a5 21.
Kc1 Bf8 22. Bxf8 Kxf8 23. Kb2 Ke7 24. Rb7 Kd7 25. Kb3 Rxd4 26. cxd4 Kc8 27. Rg3
Kxb7 28. Rg7 h5 29. Kc4 f6 30. Rg3 Rd8 31. Re3 Rd6 32. c3 c5 33. Kxc5 Rc6+ 34.
Kb5 Rb6+ 35. Kxa5 Ra6+ 36. Kb4 Rxa2 37. Rxe6 Rxg2 38. Rxf6 Rg4 39. Rxf5 Rxh4
40. Kc5 Rg4 41. Kd5 h4 42. Ke4 Rg3 43. c4 Kc6 44. Rh5 h3 45. d5+ Kc5 46. Rh7
Kxc4 47. Rxc7+ Kb5 48. Rh7 Kc5 49. Rh6 Ra3 50. f5 Ra4+ 51. Ke5 Ra3 52. Rc6+ Kb5
53. Rc2 Rd3 54. Ke4 Rg3 55. d6 Rg2 56. d7 h2 57. d8=Q Rxc2 58. Qh8 1-0

[Event "I Open Internacional Illes medes"]
[Site "?"]
[Date "2006.12.31"]
[Round "5.10"]
[White "Chatalbashev Boris"]
[Black "Burnier David"]
[Result "1-0"]
[WhiteElo "2534"]
[BlackElo "2316"]
[PlyCount "43"]
[EventDate "2007.01.02"]
[SourceDate "2007.01.02"]

1. d4 Nf6 2. c4 g6 3. Nc3 Bg7 4. e4 d6 5. Bd3 O-O 6. Nge2 Nc6 7. O-O Nh5 8. Bc2
e5 9. d5 Ne7 10. Kh1 f5 11. exf5 Nxf5 12. Ne4 Nf6 13. Bg5 Qe8 14. Qd2 Bd7 15.
f3 Qf7 16. Rae1 a6 17. b4 a5 18. bxa5 b6 19. axb6 Rxa2 20. Qd3 Ne8 21. b7 Nf6
22. Qb3 1-0